[Event "Mechanics' Winter TNM; G/2 d5"]
[Site "San Francisco"]
[Date "2019.02.05"]
[Round "5.20"]
[White "Thibault, William"]
[Black "Hakobyan, Sos"]
[Result "0-1"]
[WhiteElo "1052"]
[BlackElo "1829"]
[Annotator "Winslow,Elliott"]
[PlyCount "48"]
[EventDate "2019.01.08"]
[EventType "swiss"]
[EventRounds "8"]
[EventCountry "USA"]

1. e4 e6 2. d4 d5 3. e5 c5 4. c3 Nc6 5. Nf3 Qb6 6. Qc2 $2 (6. Be2) (6. a3) (6.
Bd3 $5 cxd4 7. cxd4 Bd7 (7... Nxd4 $4 8. Nxd4 Qxd4 9. Bb5+) 8. O-O {the famous
gambit...}) 6... Bd7 $6 (6... cxd4 7. cxd4 Nxd4 8. Nxd4 (8. Qa4+ Nc6 (8... Qc6
$5)) 8... Qxd4 9. Be3 $5 (9. Bb5+ Kd8 (9... Bd7))) 7. Be3 (7. dxc5 $5 $146 Bxc5
8. b4 Be7 (8... Bf8 $5) 9. b5 Na5 10. a4 a6 11. Be3 Bc5 12. Bxc5 Qxc5 13. bxa6
bxa6 14. Bd3 $11) 7... Rc8 8. Qd2 cxd4 9. Bxd4 $6 Bc5 (9... Nxd4 10. cxd4 h5
11. Be2 g6) 10. Be2 $6 (10. Bxc5 Qxc5 11. Qg5 Qf8) 10... Bxd4 11. cxd4 Nge7 (
11... f6) 12. g4 $2 (12. O-O) 12... h5 $6 (12... O-O $17 {with ...f6 next}) 13.
Ng5 $4 (13. Rg1 hxg4 14. Rxg4) 13... Qxd4 14. f4 Qxd2+ 15. Nxd2 Nd4 16. Bd1
hxg4 17. O-O f6 18. exf6 gxf6 19. Ngf3 gxf3 20. Nxf3 Nxf3+ 21. Bxf3 Rg8+ 22.
Kf2 Rc2+ 23. Ke3 Bb5 24. Rfe1 Nf5# 0-1

[Event "Mechanics' Winter TNM; G/2 d5"]
[Site "San Francisco"]
[Date "2019.02.05"]
[Round "5.21"]
[White "Persidsky, Andre"]
[Black "Matz, James I"]
[Result "1-0"]
[WhiteElo "1814"]
[BlackElo "1601"]
[Annotator "Winslow,Elliott"]
[PlyCount "57"]
[EventDate "2019.01.08"]
[EventType "swiss"]
[EventRounds "8"]
[EventCountry "USA"]

1. d4 d5 2. c4 e6 3. Nc3 Nf6 4. Nf3 Nbd7 5. Bg5 Be7 6. e3 b6 $6 7. cxd5 exd5 8.
Qa4 Bb7 9. Ne5 O-O 10. Nc6 Qe8 11. Nxe7+ Qxe7 12. Bd3 (12. Ba6) 12... h6 13.
Bh4 g5 14. Bg3 Ne4 15. Bxe4 dxe4 16. Bxc7 Nc5 17. dxc5 Qxc7 18. O-O (18. cxb6)
18... Qxc5 19. Nxe4 Qe5 20. Nc3 Qf5 21. Rfd1 Rfc8 22. Rd6 Rc5 23. Qd4 Rcc8 24.
Rxh6 Kf8 25. Rd1 Qc5 {[#]} 26. Rh8+ Ke7 27. Qd7+ Kf6 28. Rd6+ Kg7 29. Rh7+ $1
1-0

[Event "Mechanics' Winter TNM; G/2 d5"]
[Site "San Francisco"]
[Date "2019.02.05"]
[Round "5.22"]
[White "Cunningham, Charles"]
[Black "Lesquillier, Walter"]
[Result "1/2-1/2"]
[WhiteElo "1414"]
[BlackElo "1750"]
[PlyCount "66"]
[EventDate "2019.01.08"]
[EventType "swiss"]
[EventRounds "8"]
[EventCountry "USA"]

1. e4 e5 2. Nf3 Nc6 3. Bc4 Nf6 4. Nc3 Bc5 5. a3 d6 6. h3 O-O 7. O-O Bb6 8. d3
h6 9. Bd2 Qe7 10. Qc1 Nd4 11. Nxd4 Bxd4 12. Nd5 Nxd5 13. Bxd5 c6 14. Ba2 Be6
15. Bxe6 Qxe6 16. c3 Bb6 17. b4 f5 18. Be3 f4 19. Bxb6 axb6 20. f3 b5 21. Qd2
Rfd8 22. d4 Qc4 23. Qa2 Qf7 24. Rfd1 b6 25. dxe5 dxe5 26. Rxd8+ Rxd8 27. Qxf7+
Kxf7 28. Kf1 Rd3 29. Rc1 Re3 30. Kf2 Ke7 31. g3 g5 32. gxf4 gxf4 33. h4 Rd3
1/2-1/2

[Event "Mechanics' Winter TNM; G/2 d5"]
[Site "San Francisco"]
[Date "2019.02.05"]
[Round "5.23"]
[White "Tabatabai, Hadi"]
[Black "Robeal, Rafik"]
[Result "0-1"]
[WhiteElo "1149"]
[BlackElo "1716"]
[Annotator "Winslow,Elliott"]
[PlyCount "112"]
[EventDate "2019.01.08"]
[EventType "swiss"]
[EventRounds "8"]
[EventCountry "USA"]

1. e4 e5 2. Nf3 Nc6 3. Bc4 Bc5 4. d3 h6 5. O-O Nf6 6. h3 d6 7. c3 O-O 8. Re1 a6
9. Be3 b5 10. Bb3 Ba7 11. Qd2 Na5 12. Bxh6 $4 Nxb3 $4 (12... gxh6 13. Qxh6 Nxb3
(13... Nh7)) 13. axb3 $4 (13. Qg5 g6 14. axb3 Re8 15. Qc1 $18) 13... gxh6 14.
Qxh6 Nh7 $19 15. h4 Qf6 16. Qxf6 Nxf6 17. d4 Bb7 18. Nbd2 Ng4 19. Nf1 f5 20.
Ng3 fxe4 21. Nxe4 Rf4 22. Nfg5 Re8 23. g3 Rf5 24. Rad1 exd4 25. cxd4 d5 26. Nc5
Rxe1+ 27. Rxe1 Bxc5 28. dxc5 Re5 29. Nf3 Rxe1+ 30. Nxe1 d4 31. f3 Ne5 32. Kf2
b4 33. g4 a5 34. Ke2 Kg7 35. g5 Kg6 36. f4 Ba6+ 37. Kd2 Nd7 38. Nd3 Kh5 $6 (
38... Bb7) (38... Bb5) (38... c6) 39. c6 Nf8 $2 (39... Nb8 $19) 40. Nc5 $2 (40.
f5 $11) 40... Bb5 $6 (40... Bc8) 41. Nb7 $2 (41. f5 Bxc6 42. Kd3 Kxh4 43. g6
Bd5 44. Kxd4 Bg8 45. g7 Nh7 46. Ne6 $11) 41... Ne6 42. f5 Nf4 43. g6 Bxc6 44.
Nd8 Bd5 45. g7 Bxb3 $4 (45... Kh6) (45... Bg8) 46. Nc6 $4 (46. Ne6 $18) 46...
Kh6 47. Nxd4 Bg8 48. Ke3 Nd5+ 49. Kf3 Kxg7 50. Kg4 Kf6 51. h5 Bh7 52. h6 Ne3+
53. Kh5 Nxf5 54. Nxf5 Kxf5 55. b3 Bg8 56. Kh4 Kg6 0-1

[Event "Mechanics' Winter TNM; G/2 d5"]
[Site "San Francisco"]
[Date "2019.02.05"]
[Round "5.27"]
[White "Casares Jr, Nick"]
[Black "Baer, Michael A"]
[Result "1-0"]
[WhiteElo "1600"]
[BlackElo "1488"]
[PlyCount "57"]
[EventDate "2019.01.08"]
[EventType "swiss"]
[EventRounds "8"]
[EventCountry "USA"]

1. e4 e5 2. f4 exf4 3. Bc4 Qh4+ 4. Kf1 d6 5. Nf3 Qh6 6. d4 g5 7. h4 Be7 8. Kg1
g4 9. Ng5 Bxg5 10. hxg5 Qxg5 11. Nc3 Be6 12. d5 Bd7 13. Ne2 Qe5 14. Qd3 Nf6 15.
Bxf4 Qxb2 16. Kf2 Qb6+ 17. Be3 c5 18. Rab1 Qc7 19. Bg5 Ng8 20. e5 h6 21. e6
fxe6 22. Qg6+ Kf8 23. Bxh6+ Rxh6 24. Rxh6 Nxh6 25. Qxh6+ Ke7 26. Qg5+ Ke8 27.
Rh1 e5 28. Rh8+ Kf7 29. Rh7+ 1-0

[Event "Mechanics' Winter TNM; G/2 d5"]
[Site "San Francisco"]
[Date "2019.02.05"]
[Round "5.28"]
[White "Chan, John"]
[Black "Harris, Clarence"]
[Result "0-1"]
[WhiteElo "1560"]
[BlackElo "1469"]
[Annotator "Winslow,Elliott"]
[PlyCount "116"]
[EventDate "2019.01.08"]
[EventType "swiss"]
[EventRounds "8"]
[EventCountry "USA"]

1. e4 e5 2. Nf3 Nc6 3. c3 d6 4. h3 Nf6 5. d3 Be7 6. Be3 O-O 7. c4 Bd7 8. Nc3
Re8 9. Be2 a6 10. a4 a5 11. g4 Qc8 12. Qd2 Nb4 13. g5 Nh5 14. Ng1 Nf4 15. Bxf4
exf4 16. h4 Bg4 17. f3 Be6 18. Rc1 Nc6 19. Qxf4 Nd4 20. Bd1 f5 21. Qe3 c5 22.
Nd5 Bxd5 23. cxd5 Rb8 24. Ne2 Nxe2 25. Bxe2 b5 26. axb5 Rxb5 27. Rb1 Rb4 28.
Kf2 a4 29. Qd2 Qd8 30. Rhg1 Qb6 31. Qc1 fxe4 32. dxe4 c4+ 33. Kg2 Qd4 34. Qc3
Qc5 35. Rgc1 Rc8 36. Qd2 g6 37. Rc3 Bf8 38. Ra3 Bg7 39. Qc2 Ra8 40. Ra2 Be5 41.
Rd1 Ra7 42. Qd2 Rf7 43. Rh1 Bf4 44. Qc2 Be5 45. Rb1 Rfb7 46. Qd2 Rf7 47. Qd1
Qb5 48. Qc2 Ra7 49. Qd2 Rf7 50. Qc2 Ra7 51. Bd1 Ra8 52. Qf2 Rf8 53. Qa7 c3 54.
Bxa4 Qe2+ 55. Qf2 Qxf2+ 56. Kxf2 Rxb2+ 57. Raxb2 cxb2 58. Ke2 Rf4 {both
scoresheets unreadable. 0-1, 68 or 69.} 0-1

[Event "Mechanics' Winter TNM; G/2 d5"]
[Site "San Francisco"]
[Date "2019.02.05"]
[Round "5.29"]
[White "Simpkins, Jerry"]
[Black "Chambers, Don"]
[Result "0-1"]
[WhiteElo "1508"]
[BlackElo "1127"]
[Annotator "Winslow,Elliott"]
[PlyCount "56"]
[EventDate "2019.01.08"]
[EventType "swiss"]
[EventRounds "8"]
[EventCountry "USA"]

1. e4 e5 2. Nf3 Nc6 3. Bc4 Nf6 4. Ng5 d5 5. exd5 Nxd5 (5... Na5) (5... b5) (
5... Nd4) 6. Nxf7 {Yes, the Fried Liver ("Fegatello" in 17th century Italian,
maybe. Google Translate gives "fegato fritto" as the reverse translation. I
must consult Guido, our resident at the Mechanics'.)} (6. d4) 6... Kxf7 7. Qf3+
Ke6 8. Nc3 Ncb4 {[#]} (8... Nce7 $6 9. d4) 9. a3 $6 (9. Kd1) (9. Qe4 $5) (9.
Bb3 $5) (9. O-O $5 {may well be best:} c6 10. d4 Qf6 11. Qe2 {keeps coming up
plus over minus}) 9... Nxc2+ 10. Kd1 Nxa1 $5 (10... Nd4 $5 11. Bxd5+ Kd6 (11...
Kd7 $1 {might be a more reliable equializer at this point}) 12. Qf7 Qe7 13.
Ne4+ Kd7 14. Nc5+ Kd6 $11 (14... Kd8 15. Nxb7+ Bxb7 16. Qxe7+ Bxe7 17. Bxb7 $14
{An ending??})) 11. Nxd5 (11. Bxd5+ Kd7 {might just be -+}) 11... Kd6 $4 {
Stockfish: "+- +4 and going up"} (11... Kd7 12. d4 (12. Re1) 12... Bd6 13. dxe5
(13. Re1 {is also +/- knocking on +-}) 13... Bxe5 14. Re1 {+2.7}) 12. d4 $8
exd4 $6 (12... Qe8 13. dxe5+ Kd7 14. Re1 Kd8 15. Bg5+ Kd7 16. e6+ Kd6 17. Bf4+
Kc5 18. Qc3 b6 19. Ba6+ Kxd5 20. Qc4# {1-0 Gardner,P (1827) - Kostiukevicius,J,
20th ICSC TCh-EUR Club Liverpool 2011}) (12... Be6 13. Re1 $8 b5 (13... c6 14.
Rxe5 cxd5 15. Rxd5+ Bxd5 16. Qxd5+ Kc7 17. Bf4+ Qd6 {if this is best...} 18.
Qc5+ Kd7 19. Bb5+ Ke6 20. Qc4+ Qd5 (20... Kf6 21. Be5+ {relentless! #16}) 21.
Bd7+ Kxd7 22. Qxd5+ Kc8 (22... Ke8 23. Bg5 {#8. I have found that when the
computer finds mate, there is only one possible change: it finds a faster mate.
}) 23. Qf7 Kd8 24. Qxb7 {It hasn't found mate yet! I'm moving along! Hah!}) 14.
Nb4 bxc4 15. Qc6+ Ke7 16. Bg5+ Kf7 17. Bxd8 Rxd8 18. Qxc7+ Rd7 19. Qxe5 Rd6 20.
d5 Bd7 21. Qf4+ Kg8 22. Qxc4 a5 23. Nd3 a4 24. Nc5 h5 25. Nxd7 Rxd7 26. d6+ Kh7
27. Re6 g6 28. Rxg6 {1-0 Shirov,A (2709) - Sulskis,S (2544) Tromso Olympiad,
Latvia-Lithuania 2014. The only grandmaster game I know of in the Fried Liver.}
) 13. Bf4+ Kc5 14. Ba2 {I know nothing of the Fried Liver Attack, but am
astounded that Jerry and Don have found themselves in these far reaches. That
said, Stockfish has White completely winning (+10).} ({Even better is} 14. Kd2
$1 {although the text is way up there as well (+9 vs. +14)}) 14... Be6 $146 (
14... c6 15. b4+ Kb5 16. Nc7+ Ka4 17. Kd2 Bd6 18. Qd1+ ({"Stockfish? What did
they miss here?"} 18. Rxa1 $3 {(and Mate in Nine)} Bxf4+ 19. Kc2 $3 (19. Ke1 {
(slower mate)}) (19. Qxf4 $18)) 18... Kxa3 19. Bxd6 $4 (19. Qf3+ $1 Kxb4 (19...
Kxa2 {[#]} 20. Rxa1+ $3 Kxa1 21. Qa3+ Kb1 22. Qb3+ Ka1 23. Be3 $3 dxe3+ 24. Kc1
$3)) 19... Qxd6 20. Qc1+ Kxb4 21. Qb2+ Ka5 22. Rxa1 Qf4+ 23. Ke1 Qe5+ 24. Kf1
b5 25. Qa3+ Kb6 26. Nxa8+ Kb7 27. Be6 Qb8 28. Qe7+ {1-0, Tekin, M(uhammed
Rasit) - Konal, E(mile Nursel), Manavgat Turkey Cup 07.02.2015. Well, so much
for "praxis" ("practice" in German) -- Black Resigns, in a won position. (I've
included their full names to identify the guilty parties. Do I suspect "fowl"
play? After all, that Fried Liver could be goose!)} Kxa8 $19) 15. b4+ Kb5 16.
Nxc7+ Qxc7 17. Bxc7 Bxa2 18. Qxb7+ Ka4 19. Qxa8 Bb3+ 20. Kc1 (20. Ke2 Bc4+ 21.
Kf3 Nc2 22. Rb1 (22. Qc6+)) 20... Kxa3 21. Bd6 $4 {Everything else wins,} ({
with} 21. Kb1 $1 {way out ahead.}) 21... Bxd6 22. Qxh8 Bf4+ 23. Kb1 Nc2 $2 (
23... Bc2+ 24. Kxa1 Bd2 25. Qc8 Bc3+ 26. Qxc3+ dxc3 27. Re1 Kxb4 $11 {0.00 ???
across the lines. Oh well! Black plays ...a5 on pretty much everything.}) 24.
Qf8 (24. Qxg7 {best}) 24... Bd2 {"Everything else" is winning} 25. b5+ $4 (25.
Rd1 Bxb4 (25... Bc3 26. Qc5 $18) 26. Qxg7 Bc3 27. Qxa7+ Kb4 28. Rd3) (25. Qc5)
25... Nb4 $19 26. Qf3 Bc3 $4 (26... d3 {when only} 27. Qxd3 {avoids imminent
mate}) 27. b6 $4 (27. Qb7 $11) (27. Rd1 $11) 27... d3 (27... Bc2+ 28. Kc1 d3
29. Qxd3 Bxd3 30. bxa7 (30. b7 Na6) 30... Be4 31. f3 Bd5 32. Rd1 Bb2+ 33. Kd2
Bd4 {Black wins, but has a lot of work to do, to reel in BBN v RP}) 28. Qf8 $2
(28. Qxd3 Ba2+ (28... Nxd3 $4 29. bxa7 Bd5 30. Rd1 $18) 29. Kc1 Nxd3+ 30. Kc2
Bd4 31. Kxd3 Bxb6 $19 {This one is easier}) 28... Bc2+ (28... Bc2+ 29. Kc1 d2#
{What an epic battle! Maybe not "theoretically important," but it sure got the
computer going! And was well worth a view!}) 0-1

[Event "Mechanics' Winter TNM; G/2 d5"]
[Site "San Francisco"]
[Date "2019.02.05"]
[Round "5.30"]
[White "Starr, Albert Mart"]
[Black "Yun, Andrew"]
[Result "1-0"]
[WhiteElo "1500"]
[BlackElo "1780"]
[PlyCount "55"]
[EventDate "2019.01.08"]
[EventType "swiss"]
[EventRounds "8"]
[EventCountry "USA"]

1. e3 d5 2. Nf3 Nf6 3. Be2 c5 4. O-O e6 5. d4 Nbd7 6. b3 Bd6 7. g3 O-O 8. Nbd2
b6 9. c4 Bb7 10. cxd5 Nxd5 11. Bb2 Rc8 12. Rc1 Qe7 13. Rc2 Nb4 14. Rc1 e5 15.
a3 Nd5 16. e4 Nc7 17. d5 f5 18. exf5 Rxf5 19. Bd3 Rff8 20. Qc2 h6 21. Nh4 g5
22. Ng6 Qf7 23. Nxf8 Rxf8 24. Ne4 Qe7 25. Nxd6 Qxd6 26. f4 gxf4 27. gxf4 Qxd5
28. Bc4 1-0

[Event "Mechanics' Winter TNM; G/2 d5"]
[Site "San Francisco"]
[Date "2019.02.05"]
[Round "5.32"]
[White "Perlov, Alexander"]
[Black "Lamstein, Joshua"]
[Result "1-0"]
[WhiteElo "1720"]
[BlackElo "1655"]
[PlyCount "77"]
[EventDate "2019.01.08"]
[EventType "swiss"]
[EventRounds "8"]
[EventCountry "USA"]

1. d4 Nf6 2. c4 g6 3. g3 Bg7 4. Bg2 O-O 5. Nf3 d6 6. O-O Nc6 7. Nc3 Rb8 8. e4
Bg4 9. h3 Bd7 10. Be3 b6 11. Rc1 Ne8 12. Qd2 f5 13. exf5 Bxf5 14. Bh6 Qc8 15.
Kh2 Nf6 16. Rfe1 Re8 17. Bxg7 Kxg7 18. d5 Nd8 19. Nd4 Bd7 20. Ne4 e5 21. dxe6
Nxe6 22. Qc3 Qd8 23. Re3 Nxd4 24. Qxd4 Bf5 25. Rce1 Bxe4 26. Rxe4 Rxe4 27. Rxe4
c5 28. Qc3 Kf7 29. Rf4 g5 30. Rf5 h6 31. f4 gxf4 32. Rxf4 b5 33. Bd5+ Kg7 34.
Rg4+ Kh7 35. Qd3+ Kh8 36. Rg6 Qf8 37. Qc3 b4 38. Rg8+ Kh7 39. Qc2+ 1-0

[Event "Mechanics' Winter TNM; G/2 d5"]
[Site "San Francisco"]
[Date "2019.02.05"]
[Round "5.33"]
[White "Wingenroth, Jordan"]
[Black "Rakonitz, David"]
[Result "1-0"]
[WhiteElo "1442"]
[BlackElo "1644"]
[PlyCount "57"]
[EventDate "2019.01.08"]
[EventType "swiss"]
[EventRounds "8"]
[EventCountry "USA"]

1. e4 e6 2. d4 d5 3. e5 c5 4. c3 Qb6 5. Nf3 Nc6 6. Bd3 f6 7. exf6 Nxf6 8. Bf4
Qxb2 9. Nbd2 Qxc3 10. Bb5 Bd7 11. O-O Nxd4 12. Bxd7+ Nxd7 13. Re1 O-O-O 14. Qa4
Nxf3+ 15. Nxf3 a6 16. Rec1 Nb6 17. Qd1 Qf6 18. Bg5 Qf7 19. Bxd8 Kxd8 20. Rab1
Nc8 21. Qd2 Bd6 22. Ng5 Qd7 23. Qe3 e5 24. Qf3 Rf8 25. Qxd5 Rf6 26. Rxb7 Qf5
27. Ne4 Qf4 28. Rd1 Rh6 29. Qg8+ 1-0

[Event "Mechanics' Winter TNM; G/2 d5"]
[Site "San Francisco"]
[Date "2019.02.05"]
[Round "5.34"]
[White "Adams, Sophie"]
[Black "Abraham, Michael"]
[Result "1-0"]
[WhiteElo "1406"]
[BlackElo "1609"]
[PlyCount "93"]
[EventDate "2019.01.08"]
[EventType "swiss"]
[EventRounds "8"]
[EventCountry "USA"]

1. e4 c5 2. Nf3 d6 3. c3 Nf6 4. Bd3 Nc6 5. Bc2 Bg4 6. O-O a6 7. d4 cxd4 8. cxd4
Bxf3 9. gxf3 Qb6 10. d5 Nb8 11. Nc3 Nbd7 12. Ba4 g6 13. Rb1 Bg7 14. Bg5 O-O 15.
Qd2 Rfc8 16. Bxd7 Nxd7 17. Bxe7 f6 18. Na4 Qb5 19. b3 Ne5 20. Qf4 Rc2 21. Bxd6
Nd3 22. Qe3 Rac8 23. Qb6 Qd7 24. Rbd1 Ne5 25. Bxe5 fxe5 26. Qe6+ Qxe6 27. dxe6
Bf6 28. Rd7 Rb8 29. Nb6 Rc6 30. Nd5 Rxe6 31. Nxf6+ Rxf6 32. Kg2 Rf7 33. Rfd1
Rbf8 34. R1d3 Kg7 35. Kg3 Kh6 36. h3 Kh5 37. a4 Kg5 38. R7d5 Re7 39. b4 Kh5 40.
b5 axb5 41. Rxb5 Kg5 42. Rdb3 Rff7 43. R3b4 Kh5 44. Rc4 Re6 45. Rcc5 Ref6 46.
Rxe5+ Kh6 47. Rb3 1-0

[Event "Mechanics' Winter TNM; G/2 d5"]
[Site "San Francisco"]
[Date "2019.02.05"]
[Round "5.35"]
[White "Francis, Daniel E"]
[Black "Soffer, Aaron"]
[Result "1-0"]
[WhiteElo "1607"]
[BlackElo "1260"]
[PlyCount "53"]
[EventDate "2019.01.08"]
[EventType "swiss"]
[EventRounds "8"]
[EventCountry "USA"]

1. d4 d5 2. Bf4 e6 3. Nf3 Nf6 4. e3 Be7 5. Bd3 O-O 6. h4 Ne4 7. Nbd2 f5 8. Qe2
Nc6 9. c3 Kf7 10. Bxe4 dxe4 11. Ne5+ Nxe5 12. dxe5 Ke8 13. O-O-O Bd7 14. Qh5+
Rf7 15. Qxh7 c5 16. Qh8+ Rf8 17. Qxg7 Qa5 18. Kb1 Bb5 19. Qg6+ Rf7 20. Qg8+ Bf8
21. Nb3 Bd3+ 22. Rxd3 Qb5 23. Rd6 Qc4 24. Rhd1 Ke7 25. Bg5+ Ke8 26. Rd8+ Rxd8
27. Rxd8# 1-0

[Event "Mechanics' Winter TNM; G/2 d5"]
[Site "San Francisco"]
[Date "2019.02.05"]
[Round "5.36"]
[White "Robertson, Wade"]
[Black "Sadowsky, Jacob"]
[Result "0-1"]
[WhiteElo "957"]
[BlackElo "1703"]
[Annotator "Winslow,Elliott"]
[PlyCount "48"]
[EventDate "2019.01.08"]
[EventType "swiss"]
[EventRounds "8"]
[EventCountry "USA"]

1. e4 Nf6 2. Nc3 e5 3. Nf3 Nc6 4. Bb5 d6 5. Bxc6+ bxc6 6. O-O Be7 7. d3 O-O 8.
Be3 Ng4 9. Bd2 f5 10. Kh1 Qe8 11. Ng1 fxe4 12. Nxe4 d5 13. f3 {[#]} Nxh2 $1 14.
Kxh2 dxe4 15. fxe4 Rxf1 16. Qxf1 Qh5+ 17. Nh3 Bg4 (17... g5 $1) 18. Qh1 (18.
Qg1) 18... Bc5 19. Rf1 g6 20. Kg3 Be2 21. Rf6 Qg4+ $2 (21... Be7 $1) 22. Kh2
Qh4 $2 (22... Be7 $15) 23. Rxc6 $4 (23. Bg5 $1 Qh5 24. Qe1 $14) 23... Bf2 24.
Be1 Qg3# 0-1

[Event "Mechanics' Winter TNM; G/2 d5"]
[Site "San Francisco"]
[Date "2019.02.05"]
[Round "5.37"]
[White "Frank, Robert H"]
[Black "James, Charles"]
[Result "1-0"]
[WhiteElo "1426"]
[BlackElo "1419"]
[PlyCount "49"]
[EventDate "2019.01.08"]
[EventType "swiss"]
[EventRounds "8"]
[EventCountry "USA"]

1. d4 d5 2. Nf3 c6 3. e3 Nf6 4. Bd3 Bg4 5. Nbd2 Nbd7 6. O-O e5 7. dxe5 Nxe5 8.
h3 Nxd3 9. cxd3 Bh5 10. a3 Bd6 11. Re1 O-O 12. e4 Qc7 13. g4 Nxg4 14. hxg4 Bxg4
15. Nf1 f5 16. exd5 Rf6 17. dxc6 Rg6 18. Qb3+ Kh8 19. Nh4 Rf6 20. Qxb7 Rb8 21.
Qxc7 Bxc7 22. b4 f4 23. Re4 g5 24. Bb2 Rbf8 25. Bxf6+ 1-0

[Event "Mechanics' Winter TNM; G/2 d5"]
[Site "San Francisco"]
[Date "2019.02.05"]
[Round "5.39"]
[White "Otterbach, Renate"]
[Black "Tabatabai, Ashkon"]
[Result "1-0"]
[WhiteElo "1281"]
[BlackElo "1138"]
[Annotator "Winslow,Elliott"]
[PlyCount "54"]
[EventDate "2019.01.08"]
[EventType "swiss"]
[EventRounds "8"]
[EventCountry "USA"]

1. e4 e5 2. Nf3 Nc6 3. d4 d6 4. Bc4 Nge7 5. c3 Bg4 6. Nbd2 (6. Bxf7+) 6... d5
7. exd5 Nxd5 8. O-O Nf6 9. Qb3 Be6 10. Bxe6 fxe6 11. Qxe6+ Qe7 12. Qxe7+ Bxe7
13. Nxe5 Nxe5 14. dxe5 Nd5 15. Nf3 O-O-O 16. Bg5 Bxg5 17. Nxg5 Rhf8 18. Ne6
Rfe8 19. Nxd8 Kxd8 20. Rfe1 Nf4 21. Rad1+ Ke7 22. g3 Ng6 23. e6 Kf6 24. Rd7
Rxe6 25. Rxe6+ Kxe6 26. Rxc7 a5 27. Rxb7 Kf6 1-0

[Event "Mechanics' Winter TNM; G/2 d5"]
[Site "San Francisco"]
[Date "2019.02.05"]
[Round "5.42"]
[White "Cendejas, Jon"]
[Black "Rushton, Peter"]
[Result "1-0"]
[WhiteElo "952"]
[BlackElo "1186"]
[Annotator "Winslow,Elliott"]
[PlyCount "28"]
[EventDate "2019.01.08"]
[EventType "swiss"]
[EventRounds "8"]
[EventCountry "USA"]

1. e4 e5 2. Nf3 Nc6 3. Bc4 h6 4. Nc3 Nf6 5. d3 Be7 6. Be3 Ng4 7. Bd2 Bc5 8. Qe2
Bxf2+ 9. Kd1 Bc5 10. Be1 d6 11. Nd5 O-O 12. h3 Nf6 13. Nxf6+ Qxf6 14. a3 Nd4 {
("15.Qf3" is not legal, and White's next queen move is 25.Qh2. Enough.) 1-0 37}
1-0

[Event "Mechanics' Winter TNM; G/2 d5"]
[Site "San Francisco"]
[Date "2019.02.05"]
[Round "5.45"]
[White "Reed, Nicholas"]
[Black "Dunlap, Steven"]
[Result "1-0"]
[WhiteElo "1271"]
[BlackElo "1057"]
[Annotator "Winslow,Elliott"]
[PlyCount "71"]
[EventDate "2019.01.08"]
[EventType "swiss"]
[EventRounds "8"]
[EventCountry "USA"]

1. e4 c5 2. Nf3 Nc6 3. Bb5 a6 4. Bxc6 dxc6 5. d3 Nf6 6. Be3 c4 7. Nc3 cxd3 8.
cxd3 Ng4 9. Bd4 e6 10. h3 c5 11. hxg4 cxd4 12. Qa4+ Bd7 13. Qxd4 f6 14. Rc1 Rc8
15. Qe3 Bc5 16. d4 Bb6 17. O-O e5 18. Ne2 Rxc1 19. Rxc1 Bxg4 20. Qb3 Bxf3 21.
gxf3 f5 22. Qe6+ Kf8 23. Rc8 g6 24. Rxd8+ (24. Qf6+ $1) 24... Bxd8 25. Qxe5 Rg8
26. Nf4 Be7 27. d5 g5 28. Ne6+ Kf7 29. Qxf5+ Bf6 30. Qxh7+ Bg7 31. Nxg7 Rxg7
32. Qf5+ Kg8 33. d6 g4 34. fxg4 Rf7 35. Qc8+ Rf8 36. d7 1-0

[Event "Mechanics' Winter TNM; G/2 d5"]
[Site "San Francisco"]
[Date "2019.02.05"]
[Round "5.46"]
[White "Cole, Tony"]
[Black "Yamamoto, Craig"]
[Result "1/2-1/2"]
[WhiteElo "1520"]
[BlackElo "1500"]
[Annotator "Winslow,Elliott"]
[PlyCount "117"]
[EventDate "2019.01.08"]
[EventType "swiss"]
[EventRounds "8"]
[EventCountry "USA"]

1. e4 c5 2. Nc3 e6 3. Nf3 d6 4. Bc4 a6 5. a3 Nc6 6. d3 b5 7. Ba2 Bb7 8. O-O Be7
9. Ne2 Bf6 10. c3 h6 11. Re1 Nge7 12. d4 cxd4 13. cxd4 Rc8 14. d5 exd5 15. exd5
Ne5 16. Nxe5 dxe5 17. d6 Nf5 18. d7+ Qxd7 19. Qxd7+ Kxd7 20. Bxf7 Rhd8 21. Bh5
Kc7 22. Bg4 g6 23. Ng3 h5 24. Nxh5 Bh8 25. Ng3 Rf8 26. Bd2 Rce8 27. Ba5+ Kb8
28. Rac1 Rc8 29. h4 $2 Rxc1 30. Rxc1 Nxh4 31. f3 e4 32. Bc7+ Ka7 33. Bd6 Re8
34. fxe4 Bxb2 35. Rc7 Be5 36. Bxe5 Rxe5 37. Bc8 $2 (37. Rh7 $18) 37... Kb8 38.
Rxb7+ Kxc8 39. Ra7 Re6 40. Kf2 Rf6+ 41. Kg1 g5 42. Nh5 Re6 43. Ng3 Ng6 44. Kf2
Kb8 45. Rg7 a5 46. Ke3 b4 47. axb4 axb4 48. Rh7 Nf4 49. Kf3 b3 50. Rh1 b2 51.
Rb1 Rb6 52. Nf5 Nd3 53. Ne3 Rb3 54. Nc4 Nc1+ 55. Kf2 Na2 56. Nxb2 Nc3 57. Rc1
Rxb2+ 58. Kf3 Nxe4 59. Kxe4 1/2-1/2